زرد موسم کی نظمیں / (Record no. 198479)

MARC details
000 -LEADER
fixed length control field 00627nam a22001937a 4500
005 - DATE AND TIME OF LATEST TRANSACTION
control field 20230920164416.0
010 ## - LCCN (DPL NO)
LC control number UR-12283
020 ## - INTERNATIONAL STANDARD BOOK NUMBER
International Standard Book Number 9788196029302
Terms of availability 200.00
035 ## - SYSTEM CONTROL NUMBER
System control number U-10838
037 ## - SOURCE OF ACQUISITION
Source of stock number/acquisition DBAD/PUB
Stock number -
082 ## - DEWEY DECIMAL CLASSIFICATION NUMBER
Classification number 841
100 ## - MAIN ENTRY--PERSONAL NAME
Personal name مشتاق احمد
245 ## - TITLE STATEMENT
Title زرد موسم کی نظمیں /
Statement of responsibility, etc مشتاق احمد
246 ## - VARYING FORM OF TITLE
Title proper/short title Zard Mausam ki Nazmien /
Remainder of title by Mushtaque Ahmad
260 ## - PUBLICATION, DISTRIBUTION, ETC. (IMPRINT)
Place of publication, distribution, etc New Delhi
Name of publisher, distributor, etc Educational Publishing House
Date of publication, distribution, etc 2022 ء
270 ## - ADDRESS
Address H.o. D1/16, Ansari Road, Daryaganj
City New Delhi
Postal code 110002
300 ## - PHYSICAL DESCRIPTION
Extent 96 ص
Dimensions 22cm(pbk)
942 ## - ADDED ENTRY ELEMENTS (KOHA)
Source of classification or shelving scheme Dewey Decimal Classification
Item type Urdu Bks
Classification part 841
Call number suffix م ش ت
Holdings
Withdrawn status Lost status Not for loan Collection code Home library Current library Date acquired Source of acquisition Cost, normal purchase price Full call number Barcode Copy number Cost, replacement price Koha item type
      Non-fiction Sarojini Nagar Sarojini Nagar 20/09/2023 DBAD/PUB 200.00 841 م ش ت U-10838 1 200.00 Urdu Bks

© Delhi Public Library
Hit Counter
free hit counter